Helmuth Th. Bossert Allkreta /

Elmentve itt :
Bibliográfiai részletek
Szerző: Szádeczky-Kardoss Samu
Dokumentumtípus: Cikk
Megjelent: 1938
Sorozat:Dolgozatok a Magyar Királyi Ferencz József Tudományegyetem Archaeologiai Intézetéből 14
Kulcsszavak:aegei kultúra, Kréta, H. Grapow
Online Access:http://acta.bibl.u-szeged.hu/334
LEADER 00659nab a2200169 i 4500
001 acta334
005 20210616152023.0
008 161015s1938 hu o 0|| ger d
040 |a SZTE Egyetemi Kiadványok Repozitórium  |b hun 
041 |a ger 
100 2 |a Szádeczky-Kardoss Samu 
245 1 0 |a Helmuth Th. Bossert  |h [elektronikus dokumentum] :  |b Allkreta /  |c  Szádeczky-Kardoss Samu 
260 |c 1938 
300 |a 222-223 
490 0 |a Dolgozatok a Magyar Királyi Ferencz József Tudományegyetem Archaeologiai Intézetéből  |v 14 
695 |a aegei kultúra, Kréta, H. Grapow 
856 4 0 |u http://acta.bibl.u-szeged.hu/334/1/dolgozatok_1938_222-223.pdf  |z Dokumentum-elérés